• 首页
  • 本馆介绍
  • 公告通知
  • 最新文献
  • 馆藏检索
  • 电子资源
  • 读者导购
  • 参考咨询
  • 我的图书馆
  • 登录
  • 详细信息显示
  • 放入我的书架
  • 预约/预借图书
  • 作者相关作品
  • 分类相关作品
  • 丛书相关作品
  • 出版社相关作品

书目信息

  • 表格格式
  • 工作单格式
  • 卡片格式
题名:
魔鬼的眼睛
    
 
作者: 埃里希·福里特 著 ;建政 译
分册:  
出版信息: 北京   军事译文出版社  1984.06
页数: 235页
开本: 19cm
丛书名:
单 册:
中图分类: E87
科图分类:
主题词: 军事--情报工作 , 军事侦察 , 战略侦察
电子资源:
ISBN:
000 00684nam0 2200241 45
001 0404241587
005 20040424150623.8
010    @dCNY0.80
091    @a5319.24
100    @a20040424d1984 km y0chiy0120 ea
101 0  @achi@cger
105    @a z 000yy
200 1  @a魔鬼的眼睛@AMo Gui De Yan Jing@f(联邦德国)埃里希·福里特著@F(Lian Bang De Guo)Ai Li Xi·Fu Li Te Zhu@g建政译
210    @a北京@c军事译文出版社@d1984.06
215    @a235页@d19cm
606 0  @a军事@x情报工作
606 0  @a军事侦察
606 0  @a战略侦察
690    @aE87@v3
701  0 @a埃里希·福里特@4著
702  0 @a建政@AJian Zheng@4译
801    @aCN@bTSTCL@c20040424
905    @f2@b173779-780@dE87@e16
    
    魔鬼的眼睛/(联邦德国)埃里希·福里特著/建政译.-北京:军事译文出版社,1984.06
    235页;19cm
    
    
    ISBN :CNY0.80
    
●
相关链接 在E读中查询图书 在五车中查询图书 在当当中查询图书 在豆瓣中查询图书


正题名:魔鬼的眼睛     索取号:E87/16         预约/预借

序号 登录号 条形码 馆藏地/架位号 状态 备注
1 0173779   001585608   第一借阅区/ [索取号:E87/16] 在馆    
2 0173780   001264116   第一借阅区/ [索取号:E87/16] 在馆    
3 0173781   001264125   第一样本阅览室/ [索取号:E87/16] 在馆    
唐山师范学院图书馆 欢迎您!
大连网信软件有限公司© 版权所有